Top 50 2024/25 SPFL players - Statistics

General Stats
  • This quiz has been taken 8 times
  • The average score is 35 of 50
Answer Stats
Team Nationality Fotmob Rating Player % Correct
Celtic Canadian 7.53 Alistair Johnston
100%
Celtic American 7.51 Auston Trusty
100%
Celtic Scottish 7.65 Callum Mcgregor
100%
Celtic American 7.49 Cameron Carter-Vickers
100%
Celtic Japanese 7.48 Daizen Maeda
100%
Aberdeen Bulgarian 7.23 Dimitar Mitov
100%
Rangers Romanian 7.23 Ianis Hagi
100%
Rangers Scottish 7.28 John Souttar
100%
Hearts Scottish 7.07 Lawrence Shankland
100%
Celtic Irish 7.81 Liam Scales
100%
Celtic Scottish 7.16 Luke Mccowan
100%
Hibs Australian 7.10 Martin Boyle
100%
Celtic German 7.57 Nicolas Kuhn
100%
Rangers Belgian 7.61 Nico Raskin
100%
Rangers Czech 7.50 Vaclav Cerny
100%
Celtic Belgian 7.38 Arne Engels
86%
Hearts Australian 7.23 Cameron Devlin
86%
Rangers English 7.64 James Tavernier
86%
Aberdeen Irish 7.30 Jamie Mcgrath
86%
Celtic Danish 7.16 Kasper Schmeichel
86%
Celtic Japanese 7.15 Kyogo
86%
Rangers Ivorian 7.27 Mohamed Diomande
86%
Celtic Japanese 7.24 Reo Hatate
86%
Dundee United Irish 7.28 Will Ferry
86%
Killie Northern Irish 7.05 Brad Lyons
71%
Celtic Scottish 7.47 Greg Taylor
71%
Rangers Moroccan 7.12 Hamza Igamane
71%
Rangers Brazilian 7.35 Jefte
71%
Motherwell Scottish 7.46 Lennon Miller
71%
Hibs Australian 7.17 Lewis Miller
71%
Dundee Scottish 7.27 Lyall Cameron
71%
St Mirren Scottish 7.05 Mark O'Hara
71%
Killie Scottish 7.09 Fraser Murray
57%
Rangers Nigerian 7.13 Leon Balogun
57%
Hibs Scottish 7.27 Nicky Cadden
57%
Rangers Dutch 7.05 Robin Propper
57%
Hearts DRC 7.16 Beni Baningime
43%
Hearts Scottish 7.07 Blair Spittal
43%
Hearts Scottish 7.31 James Penrice
43%
Hibs English 7.16 Jordan Smith
43%
St Mirren English 7.07 Richard King
43%
Hibs Australian 7.13 Jack Iredale
29%
Ross County Ghanian 7.04 Jordan Amissah
29%
Hibs Greek 7.41 Nectarios Triantis
29%
Dundee United English 7.11 Sam Dalby
29%
Dundee United Croatian 7.06 Vicko Sevelj
29%
Dundee United Scottish 7.20 Kevin Holt
14%
Dundee United Australian 7.12 Ryan Strain
14%
St Mirren Northern Irish 7.08 Caolan Boyd-Munce
0%
Dundee United English 7.12 Jack Walton
0%
No matching quizzes found
Score Distribution
Percent of People with Each Score
Percentile by Number Answered
Your Score History
You have not taken this quiz